| 000 | 00759nam a22002177a 4500 | ||
|---|---|---|---|
| 003 | OSt | ||
| 005 | 20251128090324.0 | ||
| 008 | 251128b |||||||| |||| 00| 0 eng d | ||
| 020 | _a978-0-230-29537-7 | ||
| 040 |
_aDWC-Main lib. _cOC |
||
| 082 | _aCirc. 150 F171i 2012 | ||
| 100 | _aFairholm, Ian | ||
| 245 |
_aIssues, debates and approaches in psychology/ _cIan Fairholm |
||
| 260 |
_aLondon, UK : _bPalgrave Macmillan, _cc2012. |
||
| 300 |
_ax, 118 pages ; _b26 cm. -- (Palgrave insights in Psychology, series editor, Nigel Holt & Rob Lewis) |
||
| 504 | _aIncludes bibliographical references, glossary. | ||
| 650 | _a1. Psychology. | ||
| 650 | _a2. Psychology--History. | ||
| 650 | _a3. Psychology--Cognitive. | ||
| 942 |
_2ddc _cBK-CIRC _kCirc. _n0 |
||
| 999 |
_c6538 _d6538 |
||